000 01574nam a2200481 i 4500
001 18982
003 KOSZ 005
005 20200508125305.0
008 000320s1979 pl a |001 0 pol
015 _aPB 1980/650
020 _a832040150X
035 _a(PL-WaBN)b13570547-48omnis_nlop
035 _ab13570547
035 _a(OCoLC)830946211
035 _a(PL)b0000013570547
040 _aWA N
_cWA N
_dKOSZ 005/HR
041 0 _apol
046 _k1979
080 _a67/68
080 _a628.8
080 _a331.45
100 1 _aBobiński, Adolf.
_eAutor
245 1 0 _aEksploatacja urządzeń wentylacyjnych, klimatyzacyjnych i odpylających w przemyśle lekkim /
_cAdolf Bobiński, Mieczysław Lorens.
260 _aWarszawa :
_bWydaw-a Naukowo-Techniczne,
_c1979
_e(Wroc :
_fWZG ZG).
300 _a388 s. :
_bil., tab., wykr. ;
_c25 cm.
336 _2rdacontent
_aTekst
_btxt
337 _2rdamedia
_aBez urządzenia pośredniczącego
_bn
338 _2rdacarrier
_aWolumin
_bnc
380 _aKsiążki
388 _a1901-2000
504 _aBibliogr. s. 378. - Indeks.
650 7 _aPrzemysł lekki
_2DBN
658 _aInżynieria i technika
650 7 _aObsługa i eksploatacja
650 7 _aUrządzenia
650 7 _aKlimatyzacja
_2DBN
650 7 _aWentylacja
_2DBN
650 7 _aBHP
700 1 _aLorens, Mieczysław.
_eAutor
856 _uhttp://koha.tu.koszalin.pl/cgi-bin/koha/opac-detail.pl?biblionumber=18982
_yKatalog online BPK
942 _2UKD
_cKS
999 _c18982
_d18982